000 00723nam a22002177a 4500
003 OSt
005 20230119140053.0
008 221006b |||||||| |||| 00| 0 eng d
020 _a978 0 9725080 9 4
040 _cBiblioteca Lado V
082 _a708
_bH699a
100 _9498
_aHoffmann, Jens
_eautor
_eeditor
245 _aApocalypse Now/
_bThe theater of war/
260 _bCCA Wattis Institute for Contemporary Arts
_aCalifornia
_c2007
300 _a32p.
_c14x21cm
_bColofon
490 _vtomo 1
650 _2Tesauro de Arte & Arquitectura
_aCATALOGO
650 _2Tesauro de Arte & Arquitectura
_aARTE
650 _2Tesauro de Arte & Arquitectura
_aEXHIBICION
942 _2ddc
_c1
_h708
_iH699a
_n0
999 _c2843
_d2843